000 00605nam a2200205 a 4500
001 BRCA_7003
005 20190321142932.0
008 231111s1898----sz-#######---#000-0#ger-#
041 _ager
044 _asz
050 4 _b.P53 1898
100 1 _aPlassmann, Joseph
_917427
245 1 0 _aHimmelskunde
_bVersuch einer methodischen Einführung in die Hauptlehren der Astronomie
_cvon Joseph Plassmann.
260 _aFriburgo, Suiza
_bHerdersche
_c1898
300 _a627 p.
_bil. (algunas a color), fotografías
_c24 cm.
500 _aL200
650 1 4 _aAstronomía
_97908
902 _aGFM
942 _2lcc
_cB
999 _c6684
_d6684